Statistiques concernant Michel Sardou en 15 questions

Cliquez ici pour prendre le quiz!

Statistiques générales

  • Ce quiz a été pris 73 fois
  • Le résultat moyen est 9 sur 15

Statistiques - réponses

HintRéponse% Correct
Maladie qu'il chante en 1973La Maladie d'amour
95%
Quartier de New York où il fait la java en 1977Broadway
94%
Que faisait Michel Sardou en repassant ses leçons ? (1978)Il chantait
84%
Bac "à bon marché" qu'il chante en 1992Le Bac G
83%
Couleur chantée par Michel Sardou en 1984Le rouge
80%
Style de musique dont il est chanteur d'après une chanson de 1985Le jazz
70%
Région d'où vient Michel Sardou d'après le titre d'une chanson de 1981Le Sud
67%
Seul artiste ayant vendu plus d'albums que Michel Sardou en FranceJohnny Hallyday
64%
Chanteur avec qui il interprète "La rivière de notre enfance" en 2004Garou
63%
Véritable nom de Lénine et titre d'une chanson sortie en 1983Vladimir Ilitch
59%
Comment sont les yeux de la fille qu'il chante en 1974 ?Clairs
56%
Premier succès de Michel Sardou en 1967, censuré par le pouvoir gaullisteLes Ricains
44%
Célèbre film de 1966 dans lequel il fait une apparition aux côtés, entre autres, d'Orson Welles, Alain Delon ou Jean-BelmondoParis brûle-t-il ?
42%
Chanson dans laquelle il évoque l'homosexualité en 1990Le privilège
28%
Chanson qui obtint la Victoire de la Musique de la chanson de l'année en 1987Musulmanes
16%

Distribution des résultats

Percentile par nombre de réponses

% des personnes avec chaque résultat

Votre développement - résultats

Vous n’avez pas pris ce quiz